| 000 | 01537nam a2200277Ia 4500 | ||
|---|---|---|---|
| 999 |
_c36628 _d36628 |
||
| 001 | 2548 | ||
| 003 | GE_BSU | ||
| 005 | 20241004162411.0 | ||
| 008 | 181216s2002||||ge |||||||||||||| ||geo|| | ||
| 020 | _a9994013025 | ||
| 040 | _cGE_BSU | ||
| 041 | _ageo | ||
| 080 | _a574(075.8) ქ–341 | ||
| 100 |
_aქაჯაია, გია _92561 |
||
| 245 |
_aგამოყენებითი ეკოლოგიის საფუძვლები (გარემოს დაცვის ეკოლოგიური პრინციპები) : _b[სახელმძღვ. უმაღლ. სასწ. სტუდ. / _cგია ქაჯაია; რედ.: ოთარ ნათიშვილი, ირაკლი ელიავა, ირინე ქორქია] ; თსუ. |
||
| 264 |
_aთბილისი : _b სახ. უნ-ტის გამ-ბა, _c2002. |
||
| 300 |
_a292 გვ.; _b20 სმ. |
||
| 504 | _a ბიბლიოგრ.: გვ. 277. | ||
| 541 | _h8 ლ. | ||
| 653 | _aგამოყენებითი ეკოლოგია | ||
| 700 |
_aნათიშვილი, ოთარ _eრედაქტორი _914799 |
||
| 700 |
_aელიავა, ირაკლი _eრედაქტორი _923320 |
||
| 700 |
_aქორქია, ირინე, _eრედაქტორი _914800 |
||
| 856 |
_uhttps://dspace.nplg.gov.ge/bitstream/1234/454762/1/Gamoyenebiti_Ekologiis_Safudzvlebi_2002.pdf _yელ. ვერსია |
||
| 942 |
_cBK _2udc |
||